El matrimonio canónico en su dimensión sustantiva y procesal (Registro nro. 21635)

Detalles MARC
000 -Cabecera
Campo de control interno 00777nam a2200217Ia 4500
005 - Fecha y hora del registro
control field 20260416145118.0
008 - Elementos de Longitud Fija
fixed length control field 260320s9999||||xx |||||||||||||| ||und||
020 ## - ISBN
ISBN 9788498491111
041 ## - Idioma
Codigo Idioma ESP
082 ## - DEWEY y NOTACIÓN INTERNA
Dewey 349.75
Notación Interna G23
100 ## - AUTOR
Autor denominación García Gárate, Alfredo,
Término de relación autor
245 #0 - TÍTULO DE MATERIAL BIBLIOGRÁFICO
Título El matrimonio canónico en su dimensión sustantiva y procesal
260 ## - CIUDAD, EDITORIAL, AÑO
Ciudad Madrid :
Nombre de la Editorial Dykinson,
Año 2007
300 ## - DESCRIPCIÓN
N° Páginas 186 páginas :
Dimensiones 24 cm.
650 ## - TEMAS
Temas Ciencias Sociales
653 ## - DESCRIPTORES
Lenguajes no controlado Derecho eclesiástico; Matrimonio canónico: Matrimonio (Derecho canónico) - España
654 ## - PROGRAMAS
Programa
856 ## - URL - UBICACIÓN
URI/URL: Enlace exacto del recurso <a href="https://0u21awr1v-y-https-go-gale-com.itmsp.museknowledge.com/ps/start.do?authCount=1&u=ucsp&p=IFME&aty=ip">https://0u21awr1v-y-https-go-gale-com.itmsp.museknowledge.com/ps/start.do?authCount=1&u=ucsp&p=IFME&aty=ip</a>
Nota pública: Versión digital <a href="Véase además: Base de datos Gale">Véase además: Base de datos Gale</a>
942 ## - ELEMENTOS DE KOHA
Tipo de documento Libro
Nombre del creador Justo Noguera
Código de catalogador Margarita Torres
Esquema de clasificación Dewey Decimal Classification
Existencias
Codigo completo Registro Colección Copia número Disponibilidad Tipo de préstamo Biblioteca Actual Procedencia (Biblioteca) Ubicacón Fecha Ingreso Tipo de Adquisición Date last seen Total checkouts Price effective from Tipo de Item Estado del Material Fuente de Clasificación Damaged status Withdrawn status
349.75 G23 1085182 Universidad Católica San Pablo 1 Disponible Disponible Víctor Andrés Belaunde Víctor Andrés Belaunde Primer piso 24/03/2026 Compra 24/03/2026   24/03/2026 Libro Bueno Dewey Decimal Classification